Welcome to the Holygrace Academy Library

Please use search bar below to get started

THE POLITICAL CULTURE OF THE RAJ (Record no. 1562)

MARC details
000 -LEADER
fixed length control field 00429nam a22001577a 4500
020 ## - INTERNATIONAL STANDARD BOOK NUMBER
ISBN 019566721-2
082 ## - DEWEY DECIMAL CLASSIFICATION NUMBER
Classification number 320
Item number KAN/I
100 ## - MAIN ENTRY--AUTHOR NAME
Personal name KANWAR, PAMELA
245 ## - TITLE STATEMENT
Title THE POLITICAL CULTURE OF THE RAJ
Remainder of title SOCIAL SCIENCE
246 ## - VARYING FORM OF TITLE
Title proper/short title THE POLITICAL CULTURE OF THE RAJ
Remainder of title SOCIAL SCIENCE
260 ## - PUBLICATION, DISTRIBUTION, ETC. (IMPRINT)
Place of publication NEW DELHI
Name of publisher OXFORDUNIVERSITY PRESS,
Year of publication 1990
300 ## - PHYSICAL DESCRIPTION
Number of Pages 343
520 ## - SUMMARY, ETC.
Summary, etc SOCIAL SCIENCE
650 ## - SUBJECT ADDED ENTRY--TOPICAL TERM
Topical Term SOCIAL SCIENCE
942 ## - ADDED ENTRY ELEMENTS (KOHA)
Koha item type Books
Holdings
Withdrawn status Lost status Collection code Home library Current library Shelving location Date acquired Source of acquisition Cost, normal purchase price Full call number Accession Number Koha item type
    Reference Main Library Main Library SHELF-5 G REFERENCE SOCIAL SCIENCE 24/10/2006 Purchase 325.00 320 KAN/I 04180 Books